Vista normal Vista MARC

Entrada Topical Term

Número de registros utilizados en: 1

001 - CONTROL NUMBER

  • control field: 14097

003 - CONTROL NUMBER IDENTIFIER

  • control field: OSt

005 - DATE AND TIME OF LATEST TRANSACTION

  • control field: 20210228173352.0

008 - FIXED-LENGTH DATA ELEMENTS

  • fixed length control field: 210228|| aca||aabn | a|a d

040 ## - CATALOGING SOURCE

  • Original cataloging agency: OSt
  • Transcribing agency: OSt

150 ## - HEADING--TOPICAL TERM

  • Topical term or geographic name entry element: Derecho de seguros
  • Form subdivision: Comentarios

670 ## - SOURCE DATA FOUND

  • Source citation: Work cat.: (OSt)0: Venegas Franco, Alejandro, autor 10577, Algunas consideraciones sobre el derecho de seguros / , 2000.